| 000 | 00371nam a22001697a 4500 | ||
|---|---|---|---|
| 003 | OSt | ||
| 005 | 20220104091321.0 | ||
| 008 | 211222b |||||||| |||| 00| 0 eng d | ||
| 020 | _a0789725495 | ||
| 040 | _cHU | ||
| 082 |
_26th ed _a004 |
||
| 100 |
_aWhite Ron _924151 |
||
| 245 | _aHow Computers W ork | ||
| 260 |
_aUSA _bUSA |
||
| 300 | _f405 | ||
| 942 |
_2ddc _cBOOKS _n0 |
||
| 999 |
_c23349 _d23349 |
||